Chặn đứng một âm mưu

Guardat en:
Dades bibliogràfiques
Autor principal: Nguyễn Trần Thiết
Altres autors: Thanh Lạng, Tô Vân
Format: Llibre
Publicat: Tp. Hồ Chí Minh [NXB Tp. Hồ Chí Minh] 1983
Matèries:
Etiquetes: Afegir etiqueta
Sense etiquetes, Sigues el primer a etiquetar aquest registre!
Thư viện lưu trữ: Trung tâm Học liệu Lê Vũ Hùng, Trường Đại học Đồng Tháp
LEADER 00843pam a22002418a 4500
001 00021594
005 20171026081023.0
008 110525s1983 ||||||Viesd
041 0 # |a Vie 
082 1 4 |a 895.922 3  |b CH115Đ 
100 0 # |a Nguyễn Trần Thiết 
245 0 0 |a Chặn đứng một âm mưu  |c Nguyễn Trần Thiết, Tô Vân, Thanh Lạng 
260 # # |b [NXB Tp. Hồ Chí Minh]  |c 1983  |a Tp. Hồ Chí Minh 
300 # # |a 115 tr.  |c 21 cm. 
653 # # |a Truyện 
653 # # |a Văn học 
700 0 # |a Thanh Lạng 
700 0 # |a Tô Vân 
852 # # |b Kho mượn  |j KM.0007022, KM.0007023 
852 # # |b Kho đọc  |j KD.0006416 
852 # # |j KD.0006416  |j KM.0007023  |j KM.0007022 
910 0 # |a Đức  |d 25/05/2011 
980 # # |a Trung tâm Học liệu Lê Vũ Hùng, Trường Đại học Đồng Tháp